[Event "WM 2008"]
[Site "Bonn"]
[Date "2008.10.21"]
[Round "6"]
[White "Anand, Viswanathan"]
[Black "Kramnik, Vladimir"]
[Result "1-0"]
[WhiteElo "2783"]
[BlackElo "2772"]
[Annotator "Rogozenko"]
[PlyCount "93"]
[EventDate "2008.10.14"]

{Ein weiterer Sieg für Anand in der sechsten Partie hat den Wettkampf
praktisch entschieden. Nur ein Wunder kann Kramnik in diesem WM-Match noch
retten.} 1. d4 Nf6 2. c4 e6 3. Nc3 {Es ist nun schon klar, dass Anand diese
Partie ohne Rücksicht auf den für ihn positiven Stand des Wettkampfes spielt.
In der vierten Partie wollte er 3...Lb4 vermeiden und wählte deswegen den
etwas ruhigeren Zug 3.Sf3.} Bb4 {Die Nimzoindische Verteidigung, so wie in der
zweiten Partie.} 4. Qc2 {Eine öfter gespielte Fortsetzung als in der zweiten
Wettkampfpartie, in der 4.f3 geschah. Mit 4.Dc2 vermeidet Weiss jeden
positionellen Defekt: Nun ist er immer bereit, nach dem Schlagen des schwarzen
Läufers auf c3 mit der Dame zurück zu nehmen und dadurch einen Doppelbauern
auf der c-Linie zu verhindern.} d5 5. cxd5 Qxd5 {Schwarz nutzt die Fesselung
des Springers c3, um seine Dame schnell ins Spiel zu bringen. Gleichzeitig
greift er den Bauern d4 an.} 6. Nf3 Qf5 ({Nach ...} 6... Nc6 7. Bd2 Qf5 (7...
Nxd4 $4 8. Qa4+) 8. e4 {wonach Weiss ein starkes Bauerzentrum besitzt.}) 7. Qb3
{"Der Tiger von Madras" zeigt seine aggressiven Absichten! Mit 7.Dxf5 konnte
der Weltmeister die Damen tauschen, um sich praktisch ein Remis zu sichern.
Stattdessen wählt er die ehrgeizigste Fortsetzung. Tatsächlich ist der
Damentausch 7.Dxf5 auch der am meisten gespielten Zug, denn in dem folgenden
Endspiel kann Weiss ohne Risiko weiter auf Gewinn spielen, (obwohl das
Endspiel natürlich fast ausgeglichen ist, denn Schwarz wird seine Doppelbauern
später mit einer guten Kontrolle der e-Linie kompensieren).} Nc6 8. Bd2 O-O 9.
h3 {Ein neuer Zug! Es ist beeindruckend, wie effizient sich Anand auf diesen
Wettkampf vorbereitet hat. In fast jeder Partie schaffte er es, eine neue Idee
zu zeigen und setzt damit seinen Gegner ständig unter Druck. Bisher spielte
Weiss hier ausschliesslich 9.e3. Mit 9.h3 bereitet Weiss stattdessen den
Vormarsch des g-Bauern vor, um damit die exponierte Position der schwarzen
Dame auszunutzen. Danach entwickelt Weiss den Läufer mit Lg2 auf die lange
Diagonale.} b6 {Nach einer Viertelstunde Bedenkzeit entscheidet Kramnik,
seinen Läufer ebenfalls auf die lange Diagonale zu entwickeln, mit der Absicht,
dessen Pendant auf g2 zu neutralisieren.} (9... e5 10. g4 Qg6 11. Nxe5 (11.
dxe5 $2 Ne4 {und Schwarz übernimmt die Initiative}) 11... Nxe5 12. Qxb4 {führt
zu klarem weissen Vorteil}) 10. g4 Qa5 11. Rc1 Bb7 12. a3 Bxc3 {Kramnik muss
seinen Läufer gegen den Springer tauschen} (12... Bd6 $4 13. Nb5 Qa6 14. e4 {
und Schwarz verliert Material}) 13. Bxc3 Qd5 14. Qxd5 Nxd5 15. Bd2 {In solch
offenen Stellungen sind die zwei Läufer stärker als Läufer und Springer (oder
zwei Springer). Dieser Umstand und der Druck auf der c-Linie sichern Weiss
einen dauerhaften Vorteil.} Nf6 16. Rg1 {Ein notwendiger Zug: Schwarz drohte,
den Bauern auf d4 mit dem Springer zu schlagen. 16.Lg2 hätte das Problem nicht
gelöst, denn der Springer f3 wäre weiter gefesselt geblieben und mit 16...Sxd4
hätte Schwarz einen Bauern gewonnen.} Rac8 {Kramniks Stellung ist gefährdet
und jede Ungenauigkeit macht die Situation noch unangenehmer. Der
Herausforderer sollte versuchen, seine Figuren mit Tempo ins Spiel zu bringen.
Deswegen war 16...Tfd8 mit Angriff auf den Bauern d4 eine bessere Option.} 17.
Bg2 {Jetzt möchte Anand schon die Fesselung des gegnerischen Springers
ausnutzen, denn 18.Se5 erscheint nun als positionelle Drohung.} Ne7 {Diese
zweite Ungenauigkeit bringt Kramnik in weitere Schwierigkeiten. In Betracht
kam 17...La8, um den Läufer auf ein gedecktes Feld zu stellen.} (17... Ba8 18.
Bf4 Rfd8 19. e3 {Danach behält Weiss allerdings auch Vorteil.}) 18. Bb4 c5 {
Kramnik versucht, seine Probleme nun mit Gewalt zu lösen und vor allem den
gegnerischen Druck auf die c-Linie abzuschütteln. Doch die konkreten Varianten
favorisieren Weiss.} (18... Rfe8 19. Bxe7 Rxe7 20. Ne5 Bxg2 21. Rxg2 {und
Weiss steht klar besser.}) (18... Nfd5 19. Ne5) 19. dxc5 Rfd8 (19... bxc5 20.
Bxc5 Ne4 21. b4 (21. Be3 Rxc1+ 22. Bxc1 Rc8 23. Be3 Rc2 {und Schwarz hat genug
Kompensation für den Bauern}) 21... Nxc5 22. bxc5 Bxf3 23. Bxf3 Rc7 {mit guten
Rettungschancen.}) 20. Ne5 Bxg2 21. Rxg2 bxc5 (21... Ne4 22. c6 {hätte den
Bauern auch nicht gerettet}) 22. Rxc5 Ne4 23. Rxc8 Rxc8 24. Nd3 (24. Bxe7 $4
Rc1#) 24... Nd5 25. Bd2 Rc2 26. Bc1 {Die Aktivität der schwarzen Figuren ist
nur ein kurzzeitiger Faktor. Mit Kd1 wird Anand den gegnerischen Turm
vetreiben. Danach muss er nur noch den eigenen Turm ins Spiel bringen, um die
Stellung ohne weitere technische Probleme zu gewinnen.} f5 (26... Nc5 27. Kd1
Nxd3 28. exd3 (28. Kxc2 $2 Ne1+) 28... Rc8 29. f3 {Weiss steht ebenfalls auf
Gewinn.}) 27. Kd1 Rc8 28. f3 Nd6 29. Ke1 (29. e3 $2 Nc4 {und Weiss kann noch
nicht Tc2 spielen}) 29... a5 30. e3 e5 {Ein interessantes Bauernopfer von
Kramnik. Der Russe versteht, dass ihm nur noch aussergewöhnliche Massnahmen
praktische Rettungschancen bieten können. Seine Idee besteht darin, den Bauern
e3 zu blockieren.} (30... Nc4 31. Rc2 {ist hoffnungslos für Schwarz}) (30... a4
31. Re2 {hätte das Resultat ebenfalls kaum noch geändert.}) 31. gxf5 e4 {Das
ist Kramniks Idee: Der weisse Läufer bleibt eingesperrt - allerdings nicht für
lange Zeit.} 32. fxe4 Nxe4 33. Bd2 a4 (33... Rc2 {hätte eine Falle gestellt}
34. Kd1 $6 (34. Re2 $1) 34... Nxe3+ 35. Bxe3 Rxg2) 34. Nf2 {So löst Weiss das
Problem der Blockade. Jetzt muss Schwarz entweder einen Springer tauschen oder
den Vormarsch des Bauern e3 zulassen. Mit zwei Mehrbauern ist die weisse
Stellung problemlos gewonnen.} Nd6 (34... Ndf6 35. Nxe4 Nxe4 36. Rg4 {mit
leichtem Gewinn für Weiss}) 35. Rg4 Nc4 (35... Nxf5 36. Rxa4 (36. e4 $6 Re8 37.
Rg5 g6) 36... Nfxe3 37. Bxe3 Nxe3 38. b4 {wäre für Kramnik hoffnungslos
gewesen.}) 36. e4 Nf6 37. Rg3 Nxb2 38. e5 Nd5 39. f6 Kf7 (39... g6 40. Ne4 Re8
41. f7+ Kxf7 42. Nd6+ $18) 40. Ne4 Nc4 41. fxg7 (41. Rxg7+ Ke6 42. f7 {hätte
die Partie schneller beendet.}) 41... Kg8 {Die Zeitnotphase ist vorbei und
Anand fällt auch nicht in die letzte von Kramnik gestellte Falle:} 42. Rd3 (42.
Nf6+ Nxf6 43. exf6 Re8+ 44. Kd1 Rd8 45. Rg2 $4 {Also hätte Weiss in dieser
Variante seinen Läufer abgeben müssen, um Remis zu erreichen.} Ne3+) 42... Ndb6
43. Bh6 {Nun ist eindeutig Schluss: Anand hat seinen Bauern g7 am Leben
erhalten, und es gibt keine Verteidigung gegen Sf6+.} Nxe5 44. Nf6+ Kf7 45. Rc3
Rxc3 46. g8=Q+ Kxf6 47. Bg7+ {Analysen: Dorian Rogozenko auf SpiegelOnline} 1-0

[Event "WM 2008"]
[Site "Bonn"]
[Date "2008.10.23"]
[Round "7"]
[White "Anand, Viswanathan"]
[Black "Kramnik, Vladimir"]
[Result "1/2-1/2"]
[WhiteElo "2783"]
[BlackElo "2772"]
[Annotator "Rogozenko"]
[PlyCount "73"]
[EventDate "2008.10.14"]

{In der 7. Partie gelang es Anand erneut, Druck auf seinen Gegner auszuüben.
Doch dieses Mal war die schwarze Stellung sehr solide und durch genaue
Verteidigung konnte Kramnik ohne grosse Probleme Remis halten.} 1. d4 d5 2. c4
c6 {Endlich greift Kramnik mit Schwarz zu der von ihm meist gespielten
Eröffnung - der Slawischen Verteidigung.} 3. Nf3 Nf6 4. Nc3 dxc4 {Die
Klassische Variante. Als Anand in dieser Stellung in der dritten und in der
fünften Partie mit Schwarz am Zug war, entschied er sich für 4...e6.} 5. a4 {
Um den Bauer zurück zu gewinnen, muss Weiss zunächst den Vorstoss b7-b5
verhindern. 5.e4 b5 führt zu scharfem Spiel, das Schwarz laut aktueller
Theorie gute Chancen bietet.} Bf5 {Verhindert 6.e4. Schwarz kann den Bauer c4
sowieso nicht lange halten, also versucht er, seine Entwicklung schnell zu
beenden.} 6. e3 e6 7. Bxc4 Bb4 8. O-O Nbd7 9. Qe2 Bg6 10. e4 {Ein bekanntes
Bauernopfer, dessen Annahme für Schwarz gefährlich ist.} O-O {nach Kramniks
Rochade steht Schwarz bereit, auf c3 und e4 zu schlagen und deswegen
verteidigt Weiss den Bauern auf e4.} (10... Bxc3 11. bxc3 Nxe4 12. Ba3 {und 
Schwarz kann nicht rochieren  viele Partien haben gezeigt, dass Weiss über
mehr als ausreichende Kompensation für den Bauern verfügt.}) 11. Bd3 Bh5 {Da
der Bauer auf e4 jetzt gut verteidigt ist, stellt Kramnik seinen Läufer auf
eine andere Diagonale.} 12. e5 {Wie fast jeder Zug in einer Schachpartie hat
dieser Vormarsch Vor- und Nachteile. Weiss erobert Raum für seine Figuren,
öffnet die Diagonale b1-h7 für den Läufer und nimmt Schwarz zwei wichtige
Felder: d6 und f6. Aber zugleich schwächt Weiss die Kontrolle über das Feld d5
und das weisse Bauernzentrum verliert an Mobilität.} Nd5 13. Nxd5 cxd5 {Dank
seines Raumvorteils hat Weiss etwas bessere Aussichten. Doch Schwarz hat keine
Schwächen und in solch soliden Stellungen hat sich Kramnik schon immer wohl
gefühlt.} 14. Qe3 {Damit löst Weiss das Problem der Springerfesselung.  Diese
Stellung hat Kramnik schon vor zwei Jahren in seinem Wettkampf gegen den
Bulgaren Weselin Topalow auf dem Brett gehabt.} Re8 ({In der zweiten Partie
des Wettkampfs Topalow-Kramnik, Elista 2006, geschah ...} 14... Bg6 15. Ng5 Re8
16. f4 Bxd3 17. Qxd3 f5 {und Kramnik gewann nach dramatischem Kampf, obwohl
Weiss zwischendurch entscheidenden Angriff hatte.}) 15. Ne1 Bg6 ({In der
Stichkampfpartie Topalow-Kramnik, Elista 2006, geschah ...} 15... Rc8 16. f4
Bxe1 17. Rxe1 Bg6 {und nach weiteren 30 Zügen endete die Partie Remis.}) 16.
Bxg6 hxg6 17. Nd3 Qb6 {Das Zentrum ist geschlossen und dann gewinnen in der
Regel die Springer an Wert. Deswegen hat Kramnik nichts gegen den Tausch
seines Läufers.} 18. Nxb4 Qxb4 19. b3 $1 {Der einzige Zug, um Fortschritte zu
erzielen. Der Läufer will nach d6, wo er wichtige Felder kontrolliert.} Rac8
20. Ba3 Qc3 21. Rac1 Qxe3 22. fxe3 {Die Doppelbauern auf der e-Linie sind für
Weiss kein Problem, da er sie leicht verteidigen kann. Wichtiger für Weiss ist,
dass seinem Turm jetzt die offene f-Linie zur Verfügung steht und er den
Bauern d4 zuverlässig gedeckt hat (zum Beispiel, wenn Schwarz Sb8-c6 spielt).}
f6 {Da Weiss Raumvorteil hat, braucht Schwarz mehr "Luft" für seine Figuren.
22...f6 gibt dem schwarzen König das Feld f7.} 23. Bd6 g5 {Noch mehr Luft für
Schwarz - der König bekommt jetzt auch noch das Feld g6.} 24. h3 Kf7 25. Kf2
Kg6 26. Ke2 fxe5 27. dxe5 {Anand möchte Kd3 nebst a4-a5 (um Sb6 zu verhindern)
gefolgt von e3-e4 spielen, um anschliessend die d-Linie zu öffnen. Dagegen
muss Schwarz sich etwas einfallen lassen. Tut er nichts, dann dringen die
weissen Türme oder der weisse König in sein Lager ein.} b6 {Kramnik verteidigt
sich präzise. Er droht Sc5 und provoziert so den Vormarsch des weissen
b-Bauern, der wiederum das Feld c4 schwächt.} 28. b4 Rc4 29. Rxc4 dxc4 30. Rc1
Rc8 {Weiss kann den c-Bauern nur gewinnen, wenn er die Türme tauscht. Aber
nach dem Turmtausch hat Weiss nicht genug Figuren, um die schwarze Stellung zu
durchbrechen.} 31. g4 {Notwendig, um Kf5 zu verhindern.} a5 32. b5 {Nach 32.
bxa5 bxa5 kommt der schwarze Springer nach b6 und greift von dort aus den
Bauern a4 an.} c3 33. Rc2 Kf7 {Kramniks Verteidigungsplan hat Erfolg. Weiss
muss weitere Figuren tauschen.} 34. Kd3 Nc5+ 35. Bxc5 Rxc5 36. Rxc3 Rxc3+ 37.
Kxc3 {Trotz Mehrbauern kann Wess nicht gewinnen, denn sein König kommt nicht
an die schwarzen Bauern heran. Deshalb: Remis. -  Analysen: Dorian Rogozenko
auf SpiegelOnline} 1/2-1/2

[Event "WM 2008"]
[Site "Bonn"]
[Date "2008.10.23"]
[Round "8"]
[White "Kramnik, Vladimir"]
[Black "Anand, Viswanathan"]
[Result "1/2-1/2"]
[WhiteElo "2772"]
[BlackElo "2783"]
[Annotator "Rogozenko"]
[PlyCount "78"]
[EventDate "2008.10.15"]

{Weltmeister Anand hat erneut bewiesen, wie gut er sich auf diesen Wettkampf
vorbereitet hat. Mit einer Neuerung in einer bekannten Stellung erreichte er
dynamischen Ausgleich und kompensierte seine geschwächte Bauernstruktur mit
aktiven Figuren.} 1. d4 Nf6 2. c4 e6 3. Nf3 d5 {Mit der Slawischen
Verteidigung hat Anand in diesem Wettkampf 2,5 Punkte aus 3 Partien geholt.
Dennoch greift der Weltmeister in dieser Partie zum Damengambit.} 4. Nc3 dxc4 {
Die scharfe Wiener Variante, die bei vielen Grossmeistern hoch im Kurs steht.
Sie führt zu Stellungen, die gründlich vorbereitet werden müssen, denn sie
sind so komplex, dass man Fehler oft erst erkennt, wenn es schon zu spät ist.}
5. e4 {Die einzige Fortsetzung, mit der Weiß um Eröffnungsvorteil kämpfen kann.
} (5. e3 c5 6. Bxc4 a6 {führt zu einer bekannten und ausgeglichenen Stellung
des Angenommenen Damengambits.}) 5... Bb4 {Schwarz muss aktiv spielen, denn
wenn Weiss den Bauern auf c4 ungestört schlagen kann, dann steht er wegen
seines starken Bauernzentrums klar besser. Mit 5...Lb4 greift Schwarz den
Bauern e4 an.} 6. Bg5 c5 7. Bxc4 cxd4 8. Nxd4 Qa5 {Die erste kleine
Überraschung. Gebräuchlicher ist 8...Lxc3+.} 9. Bb5+ {9.Ld2 ist der einzige
Zug, mit dem Weiss versuchen kann, die gegnerische Zugfolge auszunutzen.  Mit
9.Lb5+ möchte Kramnik in bekannte Stellungen der Variante mit 8...Lxc3
überleiten. Anand hat jedoch andere Dinge im Sinn.} (9. Bd2 Qc5 10. Bb5+ Bd7
11. Nb3 Qe5 {Laut moderner Theorie hat Schwarz Ausgleich}) 9... Bd7 10. Bxf6
Bxb5 $146 {Wieder ein neuer Zug von Anand! Bislang hat Schwarz entweder 10...
Lxc3+ oder 10...gxf6 gespielt.} (10... gxf6 11. O-O Bxb5 {und Weiss nimmt den
Läufer b5 mit dem Springer c3} (11... Bxc3 12. Bxd7+ Nxd7 13. bxc3 {dann
entsteht die Hauptstellung der Variante mit 8...Lxc3+, die Kramnik
offensichtlich gerne spielen wollte. Doch nach Anands Neuerung kommt es zu
einer Stellung, die in der Praxis noch nie vorgekommen ist.})) 11. Ndxb5 (11.
Bxg7 $4 Bxc3+ 12. bxc3 Qxc3+ {verliert sofort}) (11. Nb3 Qb6 12. Bxg7 Rg8 13.
Bd4 Qc6 14. Qf3 Nd7 {führt zu einer Stellung, in der Schwarz dank seiner
aktiven Figuren über Kompensation für den geopferten Bauern verfügt.}) 11...
gxf6 12. O-O Nc6 13. a3 Bxc3 14. Nxc3 Rg8 {Anand hat in diesem Wettkampf gute
Erfahrungen mit der g-Linie gemacht und verzichtet zugunsten einer aktiven
Fortsetzung auf 14...0-0.} 15. f4 {Weiss muss versuchen, Spiel gegen den König
im Zentrum aufzuziehen. Ausserdem nimmt der Vormarsch des f-Bauern Schwarz
zwei wichtige Felder: e5 und g5.} Rd8 {Die Kontrolle über die d-Linie
kompensiert die leicht geschwächte Bauerstruktur des Schwarzen - die Stellung
befindet sich im Gleichgewicht.} 16. Qe1 Qb6+ 17. Rf2 (17. Qf2 $6 {wäre
unlogisch, denn im Endspiel hat Schwarz keine Probleme (wenn die Damen vom
Brett verschwinden, dann steht der schwarze König im Zentrum ideal). Ausserdem
...} Rd2 18. Qxb6 $4 Rgxg2+ 19. Kh1 Rxh2+ 20. Kg1 Rdg2#) 17... Rd3 {Anand
nutzt die Felder d3 und d4, um seine Figuren zu aktivieren. Die Alternative
war 17...Ke7 oder sogar 17...Kd7 nebst Kc8-b8, um sich mit dem König am
Damenflügel zu verstecken.} 18. Qe2 Qd4 (18... Qe3 $4 19. Qxe3 Rxe3 20. Rd1 Ke7
21. Rfd2 Rd8 22. Rxd8 Nxd8 23. Kf2 {und Schwarz verliert den Turm}) 19. Re1 (
19. Nb5 Qe3 20. Qxe3 Rxe3 21. Rd1 (21. Nd6+ Ke7 22. Nxb7 Rxe4 23. Rc1 Rb8 24.
Nc5 Rd4 25. Nxe6 fxe6 26. Rxc6 Rd1+ 27. Rf1 Rxf1+ 28. Kxf1 Rxb2 29. Rc7+ Kd6 {
der aktive König sichert Schwarz ausreichend Gegenspiel.}) 21... Rb3 {mit
Ausgleich}) 19... a6 20. Kh1 Kf8 {Weiss hat die bessere Bauernstruktur und
sein König steht sicher, aber solange die gegnerischen Figuren so aktiv sind,
kann Kramnik kaum etwas unternehmen. Ausserdem hat Anand einen einfachen Plan,
um seinen König in Sicherheit zu bringen: er stellt ihn nach h8.} 21. Ref1 {
Weiss bereitet den Vormarsch des f-Bauern vor. Damit sichert er seinem
Springer das Feld d5 oder es gelingt ihm, die f-Linie zu öffnen.} (21. Na2 $6
Qd7 22. Nc1 Rd6 {und der Springer auf c1 steht zu passiv.}) 21... Rg6 (21...
Kg7 22. f5 Kh8 (22... exf5 23. Rxf5 Rd2 24. Qe1 Kh8 25. R5f2 {mit weissem
Vorteil}) 23. fxe6 fxe6 24. Qe1 {mit starkem Druck auf der f-Linie.} (24. Rxf6
$2 Rd2 25. Qf3 Ne5)) 22. g3 (22. f5 exf5 23. Rxf5 $4 (23. exf5 Rg4 {und Weiss
hat mit dem Vormarsch des f-Bauern nicht viel erreicht.}) 23... Rd2 24. Qf3 Ne5
25. Qh3 Ng4 26. Qf3 Nxh2 27. Kxh2 Rh6+ 28. Kg3 Rd3 29. Rd5 Rg6+ 30. Kf4 Rxf3+
31. Kxf3) 22... Kg7 23. Rd1 {Kramnik ändert seinen Plan und versucht den
Umstand auszunutzen, dass Schwarz viel Zeit braucht, um den Tg6 ins Zentrum zu
bringen - er sucht sein Heil in der Mitte.} (23. f5 {hätte erneut Weiss nicht
viel gebracht, da Schwarz den Bauern f6 gut verteidigt hat.} exf5 24. Rxf5 $2
Rd2 25. Qe1 Rxb2) 23... Rxd1+ 24. Nxd1 Kh8 {Doch der schwarze Turm kommt
rechtzeitig zurück. Schwarz plant Tg8-d8.} 25. Nc3 (25. Qc2 Rg8 26. Rd2 Qb6 27.
Qc3 Kg7 {mit Ausgleich}) 25... Rg8 26. Kg2 Rd8 27. Qh5 Kg7 {Allen Versuchen
von Kramnik zum Trotz ist die Stellung immer noch ausgeglichen. Weiss hat
nicht genug Figuren um einen gefährlichen Angriff zu inszenieren.} 28. Qg4+ Kh8
29. Qh5 Kg7 30. Qg4+ {Mit der Zugwiederholung will Kramnik Zeit gewinnen, aber
mehr als Remis hat Weiss in dieser Stellung nicht.} Kh8 31. Qh4 Kg7 32. e5 {
Kramnik unternimmt noch einen letzten Versuch...} f5 {Anand reagiert präzise} (
32... fxe5 $6 33. Qg5+ Kh8 34. f5 {und Weiss kann versuchen, auf Gewinn zu
spielen.}) 33. Qf6+ Kg8 34. Qg5+ Kh8 35. Qf6+ Kg8 36. Re2 Qc4 37. Qg5+ Kh8 38.
Qf6+ Kg8 39. Qg5+ Kh8 {Weiss kann seine Stellung nicht verbessern -    
Analysen: Dorian Rogozenko auf SpiegelOnline} 1/2-1/2